[Event "North American Open"]
[Site "Las Vegas"]
[Date "2010.12.27"]
[Round "3"]
[White "Lee, Michael"]
[Black "Stocek, Jiri"]
[Result "0-1"]
[WhiteElo "2432"]
[BlackElo "2647"]
[PlyCount "76"]
[EventDate "2010.12.??"]
[EventType "swiss"]
[EventRounds "7"]
[EventCountry "USA"]
[Source "MonRoi"]

1. c4 Nf6 2. Nc3 e5 3. g3 Bc5 4. Bg2 c6 5. e3 O-O 6. Nge2 d5 7. cxd5 Nxd5 8. d4
Nxc3 9. bxc3 Bd6 10. O-O Be6 11. e4 Nd7 12. f4 f6 13. Be3 Qe7 14. Qd3 Nb6 15.
a4 Nc4 16. a5 Rad8 17. Rfb1 Qc7 18. Bh3 Bf7 19. a6 b5 20. fxe5 fxe5 21. Rf1 Qe7
22. Bf5 Bc7 23. h4 Nxe3 24. Qxe3 Bc4 25. Rfe1 Bb6 26. Kh1 Rde8 27. Bg4 Qf7 28.
Qd2 Rd8 29. Rf1 Qg6 30. Bf5 Qh5 31. Rf2 g6 32. Raf1 gxf5 33. Rxf5 Qg6 34. Rg5
Rxf1+ 35. Kg2 Rdf8 36. Rxg6+ hxg6 37. Qg5 R8f2+ 38. Kh3 Rh1+ 0-1

[Event "North American Open"]
[Site "Las Vegas"]
[Date "2010.12.27"]
[Round "3"]
[White "Coleman, Teddy"]
[Black "Friedel, Joshua"]
[Result "0-1"]
[WhiteElo "2309"]
[BlackElo "2554"]
[PlyCount "80"]
[EventDate "2010.12.??"]
[EventType "swiss"]
[EventRounds "7"]
[EventCountry "USA"]
[Source "MonRoi"]

1. d4 Nf6 2. c4 e6 3. Nf3 d5 4. Nc3 Bb4 5. e3 O-O 6. Be2 c5 7. cxd5 exd5 8.
dxc5 Nc6 9. O-O Bxc5 10. Nb5 Ne4 11. Qb3 Bb6 12. Rd1 Be6 13. Nbd4 Qf6 14. Nxe6
fxe6 15. Rxd5 exd5 16. Qxd5+ Kh8 17. Qxe4 Rae8 18. Qb1 Ne5 19. Bd2 Nxf3+ 20.
Bxf3 Bc7 21. h3 Qg5 22. Kf1 Qb5+ 23. Ke1 Be5 24. Qc2 Rc8 25. Qb3 Qa6 26. Bc3
Bxc3+ 27. bxc3 b6 28. Rc1 Rc5 29. Be2 Qa5 30. Kf1 Rfc8 31. c4 b5 32. Rb1 Qc7
33. Kg1 bxc4 34. Qc2 c3 35. Rc1 Rb8 36. Qe4 Qc6 37. Qh4 Qd6 38. Bf3 h6 39. Be4
Rc4 40. f3 Qd2 0-1

[Event "North American Open"]
[Site "Las Vegas"]
[Date "2010.12.27"]
[Round "3"]
[White "Dykes, Denton"]
[Black "Kosteniuk, Alexandra"]
[Result "0-1"]
[WhiteElo "2129"]
[BlackElo "2550"]
[PlyCount "58"]
[EventDate "2010.12.??"]
[EventType "swiss"]
[EventRounds "7"]
[EventCountry "USA"]
[Source "MonRoi"]

1. d4 Nf6 2. Nf3 e6 3. Bf4 c5 4. e3 Nc6 5. c3 d5 6. Nbd2 Nh5 7. Bg3 Be7 8. Ne5
Nxg3 9. Nxc6 bxc6 10. hxg3 Qb6 11. Qc2 g6 12. a3 a5 13. a4 Rb8 14. b3 Bf6 15.
Rc1 O-O 16. f4 Bg7 17. Kf2 Bd7 18. Bd3 Rfc8 19. g4 cxd4 20. cxd4 Bf8 21. Qd1 c5
22. dxc5 Rxc5 23. Rxc5 Qxc5 24. Nf3 Bg7 25. f5 Qb4 26. fxg6 hxg6 27. Bc2 Rc8
28. Ng5 d4 29. e4 Qc5 0-1

[Event "North American Open"]
[Site "Las Vegas"]
[Date "2010.12.27"]
[Round "3"]
[White "Amanov, Mesgen"]
[Black "Yanayt, Eugene"]
[Result "1-0"]
[WhiteElo "2553"]
[BlackElo "2288"]
[PlyCount "61"]
[EventDate "2010.12.??"]
[EventType "swiss"]
[EventRounds "7"]
[EventCountry "USA"]
[Source "MonRoi"]

1. d4 Nf6 2. c4 g6 3. g3 Bg7 4. Bg2 O-O 5. Nc3 d6 6. Nf3 Nc6 7. O-O a6 8. h3
Rb8 9. e4 b5 10. cxb5 axb5 11. Re1 b4 12. Nd5 Na5 13. Nxf6+ Bxf6 14. Bh6 Re8
15. Rc1 Nb7 16. e5 Bh8 17. Ng5 e6 18. Qf3 f5 19. exf6 Bxf6 20. Qf4 Bd7 21. Nxe6
Bxe6 22. Rxe6 Rxe6 23. Bd5 Kh8 24. Bxe6 c5 25. d5 Bxb2 26. Rc2 Bf6 27. Re2 Qe7
28. Bg4 Be5 29. Qc4 Na5 30. Qa6 Qc7 31. Rxe5 1-0

[Event "North American Open"]
[Site "Las Vegas"]
[Date "2010.12.27"]
[Round "3"]
[White "Harmon-vellotti, Luke"]
[Black "Arnold, Marc"]
[Result "0-1"]
[WhiteElo "2204"]
[BlackElo "2512"]
[PlyCount "54"]
[EventDate "2010.12.??"]
[EventType "swiss"]
[EventRounds "7"]
[EventCountry "USA"]
[Source "MonRoi"]

1. e4 c5 2. Nf3 d6 3. d4 cxd4 4. Nxd4 Nf6 5. Nc3 a6 6. Be3 e6 7. f3 b5 8. g4 b4
9. Nce2 e5 10. Nb3 Nc6 11. Ng3 Be6 12. Be2 Nd7 13. Nd2 Nb6 14. Bxb6 Qxb6 15.
Bc4 Be7 16. Bd5 Rc8 17. Nc4 Qc5 18. c3 bxc3 19. bxc3 O-O 20. Qd3 Na5 21. Ne3
Bg5 22. Ke2 Qxc3 23. Qxc3 Rxc3 24. Nef5 g6 25. Nxd6 Rd8 26. Bxe6 fxe6 27. Rhd1
Rc6 0-1

[Event "North American Open"]
[Site "Las Vegas"]
[Date "2010.12.27"]
[Round "3"]
[White "Ravichandran, Siddharth"]
[Black "Weiss, Allen"]
[Result "1-0"]
[WhiteElo "2511"]
[BlackElo "2194"]
[PlyCount "197"]
[EventDate "2010.12.??"]
[EventType "swiss"]
[EventRounds "7"]
[EventCountry "USA"]
[Source "MonRoi"]

1. e4 c5 2. Nf3 e6 3. c3 Nf6 4. d3 Nc6 5. Be2 Qc7 6. Bg5 Be7 7. Nbd2 d5 8. Qc2
Bd7 9. a3 Rc8 10. O-O O-O 11. Rfe1 d4 12. Rac1 e5 13. cxd4 cxd4 14. b4 Qb8 15.
Qb2 Rfe8 16. Bd1 Be6 17. Bb3 Bxb3 18. Qxb3 Nd7 19. Rc2 h6 20. Bh4 Bxh4 21. Nxh4
Ne7 22. Rec1 Rxc2 23. Rxc2 g6 24. Nhf3 Rc8 25. g3 Rxc2 26. Qxc2 Qc8 27. Qc4 Qc6
28. Qxc6 Nxc6 29. Nc4 f6 30. Nh4 Nf8 31. Kf1 b5 32. Nd6 a6 33. Ke2 Kg7 34. Ne8+
Kf7 35. Nc7 Nb8 36. f4 Ke7 37. Nd5+ Kf7 38. Kd2 Nbd7 39. Kc2 h5 40. Nc7 Nb8 41.
fxe5 fxe5 42. Nf3 Ke7 43. Nd5+ Kd6 44. Ng5 Nc6 45. Kb3 Kd7 46. Kc2 Ne7 47. Nf6+
Kd6 48. Kd2 Nc6 49. Nd5 Nd7 50. Ke2 a5 51. bxa5 Nxa5 52. Kd2 Nb3+ 53. Kc2 Nbc5
54. Nf3 Nf8 55. Nh4 Nce6 56. Kb3 Nc5+ 57. Kc2 Nce6 58. Nf3 Nd7 59. h3 Nec5 60.
Ng5 Nf8 61. Kd2 Nb3+ 62. Kd1 Nd7 63. Nb4 Nbc5 64. Kc2 Nf8 65. Nf7+ Ke6 66. Nd8+
Kd6 67. Ndc6 Nfe6 68. Na7 Nc7 69. h4 N5a6 70. Nxa6 Nxa6 71. Nxb5+ Kc6 72. a4
Kc5 73. Na3 Nb4+ 74. Kd2 Nc6 75. Nc4 Kb4 76. a5 Kb5 77. Ke2 Ka6 78. Kf3 Kb5 79.
g4 Ka6 80. gxh5 gxh5 81. Ke2 Kb5 82. Kd2 Ka6 83. Nd6 Kxa5 84. Nf5 Kb4 85. Kc2
Kc5 86. Ng7 Ne7 87. Kd2 Ng6 88. Nf5 Nf4 89. Kc2 Ng6 90. Kd1 Nf4 91. Kd2 Ng6 92.
Kc2 Nf4 93. Nh6 Ng6 94. Nf7 Kc6 95. Kb3 Kd7 96. Kc4 Ke7 97. Nh6 Nxh4 98. Kd5
Kf6 99. Kd6 1-0

[Event "North American Open"]
[Site "Las Vegas"]
[Date "2010.12.28"]
[Round "4"]
[White "Kleiman, Jake"]
[Black "Amanov, Mesgen"]
[Result "1/2-1/2"]
[WhiteElo "2453"]
[BlackElo "2553"]
[PlyCount "90"]
[EventDate "2010.12.??"]
[EventType "swiss"]
[EventRounds "7"]
[EventCountry "USA"]
[Source "MonRoi"]

1. e4 c5 2. c3 d6 3. d4 Nf6 4. Bd3 g6 5. Nf3 Bg7 6. O-O O-O 7. h3 Qc7 8. Qe2 a6
9. dxc5 Qxc5 10. Be3 Qh5 11. c4 Nc6 12. Nc3 Bd7 13. Rac1 Rac8 14. Rfd1 Ne5 15.
Nxe5 Qxe5 16. f4 Qa5 17. b4 Qxb4 18. e5 dxe5 19. fxe5 Nh5 20. Nd5 Qa3 21. Rc3
Qa5 22. Bb6 Qxd5 23. cxd5 Rxc3 24. Qe1 Rfc8 25. Bd4 Ra3 26. Qb4 Ra4 27. Qb2 Nf4
28. Bf1 Nxd5 29. Qxb7 Be6 30. Bf2 Nc3 31. Re1 Rxa2 32. Bxa6 h5 33. Bd3 Rd8 34.
Bf1 Kh7 35. Be3 Bxe5 36. Qxe7 Rd7 37. Qg5 Bg7 38. Bf4 Bf5 39. Be5 Bxe5 40. Rxe5
Ne4 41. Qh4 Ra1 42. Rxf5 gxf5 43. Qxh5+ Kg8 44. Qxf5 Rdd1 45. Qxe4 Rxf1+
1/2-1/2

[Event "North American Open"]
[Site "Las Vegas"]
[Date "2010.12.28"]
[Round "4"]
[White "Barnett, Alex"]
[Black "Norowitz, Yaacov"]
[Result "0-1"]
[WhiteElo "2378"]
[BlackElo "2540"]
[PlyCount "82"]
[EventDate "2010.12.??"]
[EventType "swiss"]
[EventRounds "7"]
[EventCountry "USA"]
[Source "MonRoi"]

1. e4 c6 2. d4 d5 3. e5 Bf5 4. Nf3 e6 5. Be2 Ne7 6. O-O Nd7 7. b3 a6 8. c4 c5
9. Bb2 dxc4 10. bxc4 cxd4 11. Nxd4 Bg6 12. Qa4 Qb6 13. Bc3 Nc6 14. Nxc6 Nc5 15.
Qd1 Qxc6 16. Nd2 Be7 17. Bf3 Qc7 18. Bh5 O-O 19. Bxg6 fxg6 20. Qg4 Rf5 21. Nf3
Raf8 22. Nd4 Rxe5 23. Rae1 Rxe1 24. Rxe1 Qf4 25. Qxf4 Rxf4 26. g3 Re4 27. Rd1
Kf7 28. Kg2 Bf6 29. f4 Re3 30. Bb4 Nd3 31. Nc2 Re2+ 32. Kf3 Rxc2 33. Rxd3 Ke8
34. Rd6 Rxa2 35. Rb6 Rb2 36. c5 a5 37. Bxa5 Rxb6 38. Bxb6 g5 39. fxg5 Bxg5 40.
Ke4 Bd8 41. Ba7 Bc7 0-1

[Event "North American Open"]
[Site "Las Vegas"]
[Date "2010.12.28"]
[Round "4"]
[White "Young, Gregory"]
[Black "Ris, Robert"]
[Result "1/2-1/2"]
[WhiteElo "2328"]
[BlackElo "2516"]
[PlyCount "104"]
[EventDate "2010.12.??"]
[EventType "swiss"]
[EventRounds "7"]
[EventCountry "USA"]
[Source "MonRoi"]

1. e4 e5 2. Nf3 Nc6 3. Bc4 Bc5 4. Nc3 Nf6 5. d3 d6 6. Bg5 h6 7. Bxf6 Qxf6 8.
Nd5 Qd8 9. c3 Ne7 10. Nxe7 Qxe7 11. h3 O-O 12. O-O Bb6 13. Re1 c6 14. d4 Bd7
15. a4 Rad8 16. a5 Bc7 17. d5 Rb8 18. b4 Kh8 19. Ra2 Qf6 20. Bb3 Rfd8 21. Nd2
Qg6 22. Re3 f5 23. exf5 Bxf5 24. Nf1 b6 25. Rg3 Qe8 26. Ne3 Bh7 27. Qg4 g6 28.
dxc6 Qxc6 29. Nd5 Qd7 30. Qxd7 Rxd7 31. axb6 Bxb6 32. Re2 Kg7 33. Bc2 Rf8 34.
Be4 Rdf7 35. Nxb6 axb6 36. Rd3 Rd8 37. Red2 Rfd7 38. Rd1 g5 39. Bxh7 Kxh7 40.
c4 Kg6 41. Rd5 Kf5 42. Rb5 Rc7 43. Rxb6 Rxc4 44. Rdxd6 Rxd6 45. Rxd6 h5 46. g3
Rxb4 47. Rh6 Rb8 48. Rxh5 Kg6 49. g4 Rf8 50. Kf1 e4 51. Ke2 Ra8 52. Ke3 Rf8
1/2-1/2

[Event "North American Open"]
[Site "Las Vegas"]
[Date "2010.12.28"]
[Round "4"]
[White "Arnold, Marc"]
[Black "Sharma, Arun"]
[Result "1-0"]
[WhiteElo "2512"]
[BlackElo "2298"]
[PlyCount "63"]
[EventDate "2010.12.??"]
[EventType "swiss"]
[EventRounds "7"]
[EventCountry "USA"]
[Source "MonRoi"]

1. d4 d5 2. c4 e6 3. Nf3 Nf6 4. Qc2 c5 5. dxc5 Bxc5 6. cxd5 Qb6 7. e3 exd5 8.
a3 O-O 9. Bd3 Nc6 10. Nc3 Bd6 11. O-O Bg4 12. Ng5 g6 13. h3 Bd7 14. Qd1 Ne5 15.
Be2 Be6 16. Nb5 Rac8 17. e4 Nc4 18. b3 Qxb5 19. bxc4 Rxc4 20. Bxc4 Qxc4 21. Bb2
Nd7 22. Rc1 Qb5 23. Qd2 Be5 24. Bxe5 Nxe5 25. Nxe6 fxe6 26. exd5 exd5 27. Rb1
Qc6 28. Rfd1 Rd8 29. Qb2 Nc4 30. Qxb7 Qxb7 31. Rxb7 Nxa3 32. Ra1 1-0

[Event "North American Open"]
[Site "Las Vegas"]
[Date "2010.12.28"]
[Round "4"]
[White "Rubsamen, Corneliu"]
[Black "Lee, Michael"]
[Result "1/2-1/2"]
[WhiteElo "2275"]
[BlackElo "2432"]
[PlyCount "90"]
[EventDate "2010.12.??"]
[EventType "swiss"]
[EventRounds "7"]
[EventCountry "USA"]
[Source "MonRoi"]

1. e4 c5 2. c3 d5 3. exd5 Qxd5 4. d4 Nf6 5. Nf3 Nc6 6. Na3 Bg4 7. Be2 e6 8. O-O
Be7 9. Be3 Rd8 10. dxc5 Bxc5 11. Qxd5 Rxd5 12. c4 Rf5 13. Nc2 Bxe3 14. Nxe3 Rc5
15. a3 Ne5 16. Nxg4 Nexg4 17. b4 Rc7 18. h3 Nh6 19. Nd4 Rd7 20. Rfd1 Ke7 21.
Nb5 a6 22. Nc3 Nf5 23. Rxd7+ Nxd7 24. Rd1 b6 25. Na4 Rb8 26. Kf1 Nd6 27. Nxb6
Nxb6 28. c5 Ndc4 29. cxb6 Nxa3 30. Ra1 Nc2 31. Rxa6 Nxb4 32. Ra7+ Kf6 33. Bb5
Rxb6 34. Be8 Nd3 35. Rxf7+ Ke5 36. Rxg7 Ke4 37. Kg1 Rb1+ 38. Kh2 Nxf2 39. Rxh7
Ke3 40. Re7 e5 41. Bg6 e4 42. h4 Rb2 43. Kg3 Nh1+ 44. Kh2 Nf2 45. Kg3 Nh1+
1/2-1/2

[Event "North American Open"]
[Site "Las Vegas"]
[Date "2010.12.28"]
[Round "4"]
[White "Tanaka, Christian"]
[Black "Gulamali, Kazim"]
[Result "0-1"]
[WhiteElo "2207"]
[BlackElo "2420"]
[PlyCount "66"]
[EventDate "2010.12.??"]
[EventType "swiss"]
[EventRounds "7"]
[EventCountry "USA"]
[Source "MonRoi"]

1. d4 Nf6 2. c4 e6 3. g3 d5 4. Bg2 c6 5. Nf3 Bb4+ 6. Bd2 Be7 7. O-O O-O 8. Qc2
b6 9. b3 Ba6 10. Rd1 Nbd7 11. Bf4 Rc8 12. Nbd2 c5 13. e4 cxd4 14. e5 Nh5 15.
Nxd4 b5 16. a4 bxc4 17. bxc4 Bxc4 18. Nxc4 Nxf4 19. gxf4 Rxc4 20. Qb2 Bc5 21.
Bf1 Rb4 22. Qc3 Qh4 23. Bb5 Qxf4 24. Nf3 Re4 25. Bxd7 Be3 26. fxe3 Qxf3 27. Rd4
Rxe3 28. Qc1 Re2 29. Qf1 Qe3+ 30. Kh1 Qxd4 31. Qxe2 Qxa1+ 32. Kg2 Rb8 33. Bb5
a6 0-1

[Event "North American Open"]
[Site "Las Vegas"]
[Date "2010.12.28"]
[Round "4"]
[White "Abrahamyan, Tatev"]
[Black "Eckert, Doug"]
[Result "1/2-1/2"]
[WhiteElo "2410"]
[BlackElo "2223"]
[PlyCount "51"]
[EventDate "2010.12.??"]
[EventType "swiss"]
[EventRounds "7"]
[EventCountry "USA"]
[Source "MonRoi"]

1. e4 c6 2. d4 d5 3. Nc3 dxe4 4. Nxe4 Bf5 5. Ng3 Bg6 6. h4 h6 7. Nf3 Nd7 8. h5
Bh7 9. Bd3 Bxd3 10. Qxd3 e6 11. Bd2 Ngf6 12. O-O-O Be7 13. Kb1 O-O 14. Ne4 Nxe4
15. Qxe4 Nf6 16. Qe2 Qd5 17. Be3 Rad8 18. Ne5 c5 19. f3 cxd4 20. Bxd4 Qa5 21.
g4 Nd5 22. a3 Bg5 23. Nd3 Nf4 24. Nxf4 Bxf4 25. Qe4 e5 26. Bc3 1/2-1/2

[Event "North American Open"]
[Site "Las Vegas"]
[Date "2010.12.28"]
[Round "4"]
[White "Amanov, Zhanibek"]
[Black "Sandager, Stephen"]
[Result "1-0"]
[WhiteElo "2405"]
[BlackElo "2203"]
[PlyCount "91"]
[EventDate "2010.12.??"]
[EventType "swiss"]
[EventRounds "7"]
[EventCountry "USA"]
[Source "MonRoi"]

1. e4 e5 2. Nf3 Nc6 3. Bb5 a6 4. Ba4 Nf6 5. O-O Be7 6. Re1 b5 7. Bb3 O-O 8. d3
d6 9. a4 Bb7 10. c3 h6 11. Nbd2 Re8 12. Nf1 Bf8 13. Ng3 g6 14. d4 Bg7 15. h4
Qe7 16. Qe2 Na5 17. Bc2 c6 18. dxe5 dxe5 19. Nd2 Nd7 20. h5 Nb6 21. b3 Bc8 22.
Ba3 Qc7 23. Bc5 Be6 24. Reb1 Nd7 25. Be3 Nf6 26. hxg6 fxg6 27. f3 Nb7 28. b4
Nd7 29. c4 Nd6 30. Bd3 Qb7 31. cxb5 cxb5 32. Nb3 Nc4 33. Bf2 Bf8 34. axb5 axb5
35. Na5 Qc7 36. Qe1 Ndb6 37. Ne2 Red8 38. Nc1 Na4 39. Kh2 Nab2 40. Be2 Rd2 41.
Nxc4 Rxe2 42. Qxe2 Rxa1 43. Rxa1 Nxc4 44. Nd3 h5 45. Ra8 Nb6 46. Ra6 1-0

[Event "North American Open"]
[Site "Las Vegas"]
[Date "2010.12.28"]
[Round "4"]
[White "Veech, John"]
[Black "Adamson, Robby"]
[Result "1-0"]
[WhiteElo "2134"]
[BlackElo "2397"]
[PlyCount "171"]
[EventDate "2010.12.??"]
[EventType "swiss"]
[EventRounds "7"]
[EventCountry "USA"]
[Source "MonRoi"]

1. Nf3 c5 2. c4 g6 3. g3 Bg7 4. Bg2 Nc6 5. Nc3 e6 6. d3 Nge7 7. Bg5 h6 8. Bd2
O-O 9. a3 d5 10. Rb1 b6 11. Qc1 Kh7 12. b4 cxb4 13. axb4 Bb7 14. O-O Rc8 15. c5
bxc5 16. bxc5 Ba8 17. Nb5 Nf5 18. Qa3 Qd7 19. Rfd1 d4 20. Ra1 a5 21. Rdc1 Rb8
22. Qa4 g5 23. g4 Nfe7 24. Nd6 f5 25. gxf5 exf5 26. Bxa5 g4 27. Nd2 Ng6 28.
N2c4 Nf4 29. Bf1 Qe6 30. Nb6 Nxa5 31. Qxa5 Bc6 32. Qd2 Nh3+ 33. Bxh3 gxh3 34.
Qf4 Be5 35. Ra7+ Kh8 36. Qh4 Bxd6 37. cxd6 Qxd6 38. Nc4 Rg8+ 39. Kf1 Qg6 40.
Qxd4+ Rg7 41. Qxg7+ Qxg7 42. Rxg7 Kxg7 43. f3 Kf6 44. Kf2 f4 45. Nd6 Bd5 46.
Ne4+ Ke5 47. Rg1 Be6 48. Nd2 Kf6 49. e3 Rb2 50. Ke2 fxe3 51. Kxe3 Ra2 52. Rg3
Bf5 53. f4 Kf7 54. Rf3 Ke6 55. Rf2 Ra3 56. Ne4 Kd5 57. Ra2 Rxa2 58. Nc3+ Kc5
59. Nxa2 Be6 60. Nc3 Bf5 61. Ne4+ Kd5 62. Ng3 Bd7 63. d4 Ke6 64. Ne4 Bc6 65.
Nf2 Bg2 66. Ng4 h5 67. Ne5 Bb7 68. Nd3 Bg2 69. Ne5 Bb7 70. Nf3 Kf5 71. Nh4+ Kg4
72. Ng6 Kf5 73. Nf8 Bc6 74. Nh7 Bb7 75. Ng5 Bg2 76. Nf3 Kg4 77. Nd2 Kf5 78. Nc4
Ke6 79. Nb6 Bb7 80. d5+ Bxd5 81. f5+ Ke5 82. Nxd5 Kxd5 83. Kf4 Kd6 84. Kg5 Ke7
85. Kxh5 Kf7 86. Kh4 1-0

[Event "North American Open"]
[Site "Las Vegas"]
[Date "2010.12.28"]
[Round "4"]
[White "Mezentsev, Vladimir"]
[Black "Dykes, Denton"]
[Result "1-0"]
[WhiteElo "2380"]
[BlackElo "2129"]
[PlyCount "85"]
[EventDate "2010.12.??"]
[EventType "swiss"]
[EventRounds "7"]
[EventCountry "USA"]
[Source "MonRoi"]

1. e4 c5 2. Nf3 d6 3. Bb5+ Bd7 4. Bxd7+ Qxd7 5. O-O Nc6 6. c3 Nf6 7. Re1 g6 8.
d4 b6 9. d5 Na5 10. e5 dxe5 11. Nxe5 Qxd5 12. Qa4+ Nd7 13. b4 Nc4 14. Rd1 Qxd1+
15. Qxd1 Ncxe5 16. Na3 Rc8 17. Be3 Bg7 18. Rb1 cxb4 19. cxb4 h5 20. h3 a6 21.
Qd5 e6 22. Qd2 b5 23. Bg5 f6 24. Be3 g5 25. f4 gxf4 26. Bxf4 O-O 27. Rd1 Rc6
28. Qe2 Rfc8 29. Qxh5 Rc3 30. Nb1 Rd3 31. Rxd3 Nxd3 32. Bh6 Bxh6 33. Qxh6 Nxb4
34. Nd2 Nd5 35. Ne4 Rc4 36. Nd6 Ne5 37. Nxc4 bxc4 38. Kf2 c3 39. Ke2 Nc4 40. g4
a5 41. g5 Nf4+ 42. Kf2 Nd3+ 43. Kg3 1-0

[Event "North American Open"]
[Site "Las Vegas"]
[Date "2010.12.28"]
[Round "4"]
[White "Adelberg, David"]
[Black "Kruml, Joseph"]
[Result "1-0"]
[WhiteElo "2277"]
[BlackElo "2187"]
[PlyCount "59"]
[EventDate "2010.12.??"]
[EventType "swiss"]
[EventRounds "7"]
[EventCountry "USA"]
[Source "MonRoi"]

1. d4 d5 2. c4 e6 3. Nf3 Nf6 4. g3 Bb4+ 5. Bd2 a5 6. Bg2 O-O 7. Qc2 c6 8. O-O
b6 9. Bf4 Ba6 10. c5 bxc5 11. a3 c4 12. axb4 axb4 13. Nbd2 Qb6 14. e4 Re8 15.
Rfe1 h6 16. exd5 cxd5 17. Ne5 Nc6 18. Nxc6 Qxc6 19. Nf3 Qb6 20. Bd2 Ne4 21. Ne5
b3 22. Qc1 Nxf2 23. Kxf2 Qxd4+ 24. Re3 Bb5 25. Rxa8 Rxa8 26. Bc3 Qc5 27. Qd1 f6
28. Nf3 Be8 29. Qd4 Qxd4 30. Nxd4 1-0

[Event "North American Open"]
[Site "Las Vegas"]
[Date "2010.12.28"]
[Round "5"]
[White "Norowitz, Yaacov"]
[Black "Ravichandran, Siddharth"]
[Result "1/2-1/2"]
[WhiteElo "2540"]
[BlackElo "2511"]
[PlyCount "100"]
[EventDate "2010.12.??"]
[EventType "swiss"]
[EventRounds "7"]
[EventCountry "USA"]
[Source "MonRoi"]

1. d4 d5 2. Nf3 Nf6 3. c3 Bf5 4. Qb3 Qc8 5. Bg5 Nbd7 6. Nbd2 h6 7. Bh4 e6 8. e3
Bd6 9. Be2 Ne4 10. O-O g5 11. Bg3 Bxg3 12. fxg3 g4 13. Nxe4 gxf3 14. gxf3 dxe4
15. fxe4 Bg6 16. Rf4 c6 17. Bg4 Nf8 18. d5 Qd7 19. Rd1 Qe7 20. Qc4 h5 21. Bh3
Rd8 22. Rd4 Rd6 23. Rf2 e5 24. Rdd2 Nh7 25. Qb4 cxd5 26. exd5 O-O 27. c4 b6 28.
e4 a5 29. Qa4 Ng5 30. Bg2 f5 31. exf5 Bxf5 32. Qd1 Bg4 33. Qf1 Rdf6 34. h3 Nf3+
35. Bxf3 Bxf3 36. d6 Qd7 37. Rd5 e4 38. Rg5+ Kf7 39. c5 bxc5 40. Qc4+ Qe6 41.
Qxc5 Qxd6 42. Qa7+ Ke6 43. Qe3 Rb8 44. Qc3 Kf7 45. Rd2 Qb6+ 46. Kh2 Re8 47.
Qc4+ Qe6 48. Rd7+ Re7 49. Rxe7+ Kxe7 50. Qc7+ Kf8 1/2-1/2

[Event "North American Open"]
[Site "Las Vegas"]
[Date "2010.12.28"]
[Round "5"]
[White "Van Wely, Loek"]
[Black "Kleiman, Jake"]
[Result "0-1"]
[WhiteElo "2729"]
[BlackElo "2453"]
[PlyCount "166"]
[EventDate "2010.12.??"]
[EventType "swiss"]
[EventRounds "7"]
[EventCountry "USA"]
[Source "MonRoi"]

1. d4 Nf6 2. c4 e6 3. Nc3 Bb4 4. Qc2 d5 5. a3 Bxc3+ 6. Qxc3 c5 7. dxc5 d4 8.
Qc2 Nc6 9. b4 e5 10. e4 dxe3 11. fxe3 O-O 12. Nf3 e4 13. Nd4 Nxd4 14. exd4 Qxd4
15. Qb2 Qd7 16. Be2 Qf5 17. h3 e3 18. Bxe3 Re8 19. Rf1 Qg6 20. Rf3 Bd7 21. b5
Bf5 22. O-O-O Be4 23. Rf2 Qg3 24. Bd4 Bg6 25. Bf3 Ne4 26. Bxe4 Rxe4 27. Rf3
Qg5+ 28. Qd2 Qe7 29. Re3 Qe6 30. Rxe4 Qxe4 31. Kb2 Rd8 32. Kc3 f6 33. Kb4 Qe7
34. Qf2 Qd7 35. Rd2 Qe6 36. Qe3 a5+ 37. Kc3 Qf5 38. Qf2 Qb1 39. Qg1 Qe4 40. Qe3
Qb1 41. Qg1 Qe4 42. Qd1 Re8 43. Kb3 h5 44. Ka4 Ra8 45. Re2 Qf4 46. Qd2 Qf1 47.
Kb3 Rd8 48. Rf2 Qb1+ 49. Ka4 Ra8 50. Bb2 Kh7 51. Kb3 Rc8 52. Qd5 Rxc5 53. Qd7
Bd3 54. Qd4 Qd1+ 55. Kc3 Rxc4+ 56. Qxc4 Bxc4 57. Kxc4 Qe1 58. Bd4 Qe6+ 59. Kc3
Qd5 60. b6 Qc6+ 61. Kb2 Qc4 62. Rd2 a4 63. Kb1 Qb3+ 64. Bb2 Qxb6 65. Rd4 Qc6
66. Rd2 b5 67. Rc2 Qe4 68. Bc3 Kg6 69. Kb2 Kf5 70. Rf2+ Ke6 71. Rd2 g5 72. Bb4
f5 73. Rd6+ Ke5 74. Rd2 f4 75. Rc2 Kd4 76. Rd2+ Ke3 77. Kc1 Qc4+ 78. Rc2 Qxc2+
79. Kxc2 Kf2 80. Kd1 Kxg2 81. Ke1 f3 82. Bc5 g4 83. hxg4 hxg4 0-1

[Event "North American Open"]
[Site "Las Vegas"]
[Date "2010.12.28"]
[Round "5"]
[White "Gulamali, Kazim"]
[Black "Mitkov, Nikola"]
[Result "0-1"]
[WhiteElo "2420"]
[BlackElo "2576"]
[PlyCount "104"]
[EventDate "2010.12.??"]
[EventType "swiss"]
[EventRounds "7"]
[EventCountry "USA"]
[Source "MonRoi"]

1. e4 e5 2. Nf3 Nc6 3. Nc3 Nf6 4. Bb5 Bd6 5. O-O O-O 6. a3 Re8 7. d3 h6 8. Re1
a6 9. Bc4 Bf8 10. Ba2 d6 11. Be3 Ne7 12. d4 Ng6 13. h3 Be6 14. Bxe6 Rxe6 15. d5
Re8 16. Nd2 Nh7 17. g3 Be7 18. h4 Qc8 19. Kg2 Nf6 20. h5 Nf8 21. Nc4 N8h7 22.
Bd2 Ng4 23. f3 Ngf6 24. Rh1 Kh8 25. Qe2 Ng8 26. Qd3 Bg5 27. f4 Bf6 28. Rae1 Qd7
29. Qf3 a5 30. Ne3 Ne7 31. Ncd1 a4 32. Bc3 c6 33. Nc4 Nc8 34. fxe5 Bxe5 35.
Bxe5 dxe5 36. Nc3 Ng5 37. Qd3 c5 38. d6 b5 39. Qd5 Ra7 40. Nxe5 Qxd6 41. Nf3
Nxf3 42. Kxf3 Rae7 43. Rd1 Qf6+ 44. Qf5 Qxf5+ 45. exf5 Re3+ 46. Kg2 b4 47. Nxa4
bxa3 48. bxa3 c4 49. c3 Re2+ 50. Kh3 Ne7 51. Nb6 Nxf5 52. Nxc4 Rc8 0-1

[Event "North American Open"]
[Site "Las Vegas"]
[Date "2010.12.28"]
[Round "5"]
[White "Amanov, Mesgen"]
[Black "Young, Gregory"]
[Result "1/2-1/2"]
[WhiteElo "2553"]
[BlackElo "2328"]
[PlyCount "41"]
[EventDate "2010.12.??"]
[EventType "swiss"]
[EventRounds "7"]
[EventCountry "USA"]
[Source "MonRoi"]

1. d4 Nf6 2. c4 g6 3. g3 Bg7 4. Bg2 d5 5. cxd5 Nxd5 6. Nf3 O-O 7. O-O Nb6 8.
Nc3 Nc6 9. e3 Re8 10. Re1 a5 11. Qe2 Be6 12. Rd1 Bc4 13. Qc2 Nb4 14. Qb1 e5 15.
a3 exd4 16. axb4 dxc3 17. Rxd8 Raxd8 18. bxc3 Rd1+ 19. Bf1 Bxf1 20. Qc2 Be2+
21. Kg2 1/2-1/2

[Event "North American Open"]
[Site "Las Vegas"]
[Date "2010.12.28"]
[Round "5"]
[White "Pearson, Michael"]
[Black "Sevillano, Enrico"]
[Result "0-1"]
[WhiteElo "2277"]
[BlackElo "2558"]
[PlyCount "90"]
[EventDate "2010.12.??"]
[EventType "swiss"]
[EventRounds "7"]
[EventCountry "USA"]
[Source "MonRoi"]

1. e4 c5 2. Nf3 Nc6 3. d4 cxd4 4. Nxd4 Nf6 5. Nc3 e5 6. Ndb5 d6 7. a4 a6 8. Na3
Be6 9. Bg5 Rc8 10. Nc4 Nd4 11. Ne3 Be7 12. Bd3 h6 13. Bxf6 Bxf6 14. Ncd5 Bg5
15. O-O O-O 16. c3 Nc6 17. Bc4 Ne7 18. Nxe7+ Qxe7 19. Nd5 Qd8 20. Qe2 Kh8 21.
Rfd1 Rc6 22. Ba2 Qd7 23. Rd3 f5 24. exf5 Bxf5 25. Rdd1 Bd8 26. Ne3 Bh7 27. Bd5
Rc5 28. Ra3 Bg5 29. c4 Rc7 30. a5 Qc8 31. Rb3 Bd8 32. Qg4 Qxg4 33. Nxg4 Bc2 34.
Rdd3 Bxb3 35. Rxb3 Rc5 36. Rxb7 Rxa5 37. g3 Ra1+ 38. Kg2 Rd1 39. Bf7 a5 40. h4
Rd2 41. h5 Bb6 42. Rxb6 Rxf7 43. c5 dxc5 44. Nxe5 Rfxf2+ 45. Kh3 Rh2+ 0-1

[Event "North American Open"]
[Site "Las Vegas"]
[Date "2010.12.28"]
[Round "5"]
[White "Lee, Michael"]
[Black "Adelberg, David"]
[Result "1-0"]
[WhiteElo "2432"]
[BlackElo "2277"]
[PlyCount "143"]
[EventDate "2010.12.??"]
[EventType "swiss"]
[EventRounds "7"]
[EventCountry "USA"]
[Source "MonRoi"]

1. c4 Nf6 2. Nc3 c5 3. g3 e6 4. Nf3 b6 5. Bg2 Bb7 6. O-O Be7 7. Re1 d6 8. e4 a6
9. d4 cxd4 10. Nxd4 Qc7 11. Be3 Nbd7 12. Rc1 O-O 13. f4 h5 14. h3 Rfe8 15. b3
Rad8 16. Bf2 Bf8 17. Nf3 g6 18. Nh4 Bg7 19. Bf3 Ba8 20. Ng2 Qb8 21. a4 e5 22.
Nd5 exf4 23. gxf4 Nc5 24. Bh4 Bxd5 25. cxd5 a5 26. Re3 Rc8 27. Qe2 Nfd7 28. Rd1
b5 29. axb5 Qb6 30. Kh1 Rb8 31. Bg3 Qxb5 32. Qe1 Qb4 33. e5 Qxe1+ 34. Rdxe1
Rxb3 35. e6 Rxe3 36. Rxe3 fxe6 37. dxe6 Nf6 38. Bh4 Kf8 39. f5 gxf5 40. Nf4 Bh6
41. Bxf6 Bxf4 42. e7+ Kf7 43. Bh4 Bxe3 44. Bxh5+ Kg7 45. Bxe8 Ne6 46. Ba4 Nc7
47. e8=Q Nxe8 48. Bxe8 d5 49. Bc6 d4 50. Be1 d3 51. Bxa5 d2 52. Ba4 Kg6 53. Kg2
Bg5 54. Bd1 Be3 55. Kf3 Bg5 56. Bb6 Bh6 57. Bf2 Bg5 58. Ke2 Bf4 59. Kd3 Bg5 60.
Kd4 Kf6 61. Kd5 Bf4 62. h4 Bh6 63. Bd4+ Kg6 64. Ke6 Bf4 65. h5+ Kh7 66. Kxf5
Bh6 67. Bc5 Bg7 68. Bb4 Bh6 69. Kf6 Be3 70. Kf7 Bf4 71. Bf8 Bh6 72. Bc2+ 1-0